[Event "Tal Memorial 2012 (blitz)"]
[Site "Moscow RUS"]
[Date "2012.06.07"]
[Round "5"]
[White "Kramnik, V."]
[Black "McShane, L."]
[Result "0-1"]
[WhiteElo "2801"]
[BlackElo "2706"]
[PlyCount "55"]
[EventDate "2012.06.07"]

1. Nf3 b6 2. e4 Bb7 3. Nc3 e6 4. d4 g6 5. Bg5 Be7 6. Be3 d6 7. Bd3 Nd7 8. Qd2
a6 9. O-O-O b5 10. Kb1 Nb6 11. h4 Nf6 12. e5 Nfd5 13. Ne4 h5 14. Bg5 Qd7 15.
Bxe7 Qxe7 16. exd6 cxd6 17. Rhe1 Kf8 18. Nfg5 Re8 19. Ng3 Kg7 20. Be4 Qf6 21.
Qc1 b4 22. Rd3 Qd8 23. Rf3 f5 24. Bxf5 exf5 25. Ne6+ Rxe6 26. Rxe6 Bc8 27.
Nxf5+ gxf5 28. Rg3+ 0-1

[Event "Tal Memorial 2012 (blitz)"]
[Site "Moscow RUS"]
[Date "2012.06.07"]
[Round "5"]
[White "Radjabov, T."]
[Black "Aronian, L."]
[Result "1-0"]
[WhiteElo "2784"]
[BlackElo "2825"]
[PlyCount "34"]
[EventDate "2012.06.07"]

1. d4 d5 2. Nf3 c6 3. c4 Nf6 4. e3 Bg4 5. Nbd2 e6 6. Bd3 Nbd7 7. b3 Bd6 8. Bb2
Qb8 9. Qc2 a5 10. a3 Bh5 11. h3 Bg6 12. Bxg6 hxg6 13. O-O Rh5 14. e4 dxe4 15.
Nxe4 Nxe4 16. Qxe4 Kf8 17. Rfe1 Kg8 1-0

[Event "Tal Memorial 2012 (blitz)"]
[Site "Moscow RUS"]
[Date "2012.06.07"]
[Round "5"]
[White "Caruana, F."]
[Black "Tomashevsky, E."]
[Result "0-1"]
[WhiteElo "2770"]
[BlackElo "2738"]
[PlyCount "63"]
[EventDate "2012.06.07"]

1. e4 e5 2. Nf3 Nc6 3. Bb5 a6 4. Ba4 Nf6 5. O-O b5 6. Bb3 Bb7 7. d3 Be7 8. a4
O-O 9. Re1 d6 10. Nbd2 Na5 11. Ba2 c5 12. c3 Qc7 13. Nf1 c4 14. Ng3 Rfe8 15.
Nf5 Bf8 16. Bg5 Nd7 17. Nd2 Nc5 18. dxc4 Nxc4 19. Bxc4 bxc4 20. Re3 Re6 21. Qe2
d5 22. exd5 Bxd5 23. Rg3 Rg6 24. h4 Ne6 25. Re1 Nxg5 26. hxg5 Re8 27. Ne4 Qc6
28. Qg4 Qxa4 29. Rh3 Qc6 30. Qh4 h6 31. Ree3 Qe6 32. Ref3 0-1

[Event "Tal Memorial 2012 (blitz)"]
[Site "Moscow RUS"]
[Date "2012.06.07"]
[Round "5"]
[White "Morozevich, A."]
[Black "Grischuk, A."]
[Result "1-0"]
[WhiteElo "2769"]
[BlackElo "2761"]
[PlyCount "113"]
[EventDate "2012.06.07"]

1. e4 d5 2. exd5 Qxd5 3. Nf3 Bg4 4. Be2 Nc6 5. d4 O-O-O 6. Be3 e5 7. c4 Qa5+ 8.
Bd2 Bb4 9. d5 Bxf3 10. Bxf3 Nd4 11. Nc3 Qa6 12. Be2 Nf6 13. a3 Bxc3 14. Bxc3
Nxe2 15. Qxe2 Rhe8 16. O-O-O Kb8 17. Rhe1 Nd7 18. Qg4 Qg6 19. Qxg6 hxg6 20. h4
f6 21. Kc2 Rh8 22. g3 Rh5 23. Bd2 Kc8 24. b4 Nb6 25. Kb3 Rf5 26. f4 exf4 27. g4
Re5 28. Bxf4 Ree8 29. a4 Nd7 30. c5 Ne5 31. Bxe5 Rxe5 32. Rxe5 fxe5 33. Kc4 Rf8
34. d6 Rf4+ 35. Kd5 cxd6 36. cxd6 Kd7 37. Kxe5 Rxb4 38. Rc1 Rxg4 39. Rc7+ Kd8
40. a5 Rxh4 41. Rxb7 a6 42. Rxg7 Rh1 43. Ra7 g5 44. Rxa6 g4 45. Ra8+ Kd7 46.
Ra7+ Kd8 47. Rg7 Re1+ 48. Kd5 Rd1+ 49. Kc6 Rc1+ 50. Kb6 Rb1+ 51. Ka7 Rd1 52. a6
Rxd6 53. Kb7 Rd1 54. a7 Rb1+ 55. Kc6 Rc1+ 56. Kd5 Rd1+ 57. Ke4 1-0

[Event "Tal Memorial 2012 (blitz)"]
[Site "Moscow RUS"]
[Date "2012.06.07"]
[Round "6"]
[White "McShane, L."]
[Black "Grischuk, A."]
[Result "0-1"]
[WhiteElo "2706"]
[BlackElo "2761"]
[PlyCount "44"]
[EventDate "2012.06.07"]

1. b3 Nf6 2. Bb2 g6 3. g3 Bg7 4. Bg2 c5 5. e3 O-O 6. Ne2 d5 7. c4 d4 8. exd4
Ng4 9. Na3 Nc6 10. Nc2 cxd4 11. d3 Qa5+ 12. Kf1 Qf5 13. f4 Nb4 14. Nexd4 Qc5
15. Ba3 a5 16. h3 Qxd4 17. Nxd4 Ne3+ 18. Ke2 Nxd1 19. Raxd1 Bxd4 20. Rhe1 Rd8
21. Kd2 e6 22. Re2 Nxa2 0-1

[Event "Tal Memorial 2012 (blitz)"]
[Site "Moscow RUS"]
[Date "2012.06.07"]
[Round "6"]
[White "Tomashevsky, E."]
[Black "Morozevich, A."]
[Result "1/2-1/2"]
[WhiteElo "2738"]
[BlackElo "2769"]
[PlyCount "39"]
[EventDate "2012.06.07"]

1. c4 Nf6 2. Nc3 d5 3. cxd5 Nxd5 4. g3 g6 5. Bg2 Nxc3 6. bxc3 Bg7 7. Rb1 Nc6 8.
Nf3 O-O 9. O-O Qd7 10. Re1 Rd8 11. Qa4 Ne5 12. Qxd7 Nxd7 13. c4 Rb8 14. Ba3 c5
15. Bb2 b6 16. Bxg7 Kxg7 17. a4 Bb7 18. d3 Bc6 19. Nd2 Ne5 20. a5 1/2-1/2

[Event "Tal Memorial 2012 (blitz)"]
[Site "Moscow RUS"]
[Date "2012.06.07"]
[Round "6"]
[White "Carlsen, M."]
[Black "Caruana, F."]
[Result "1-0"]
[WhiteElo "2835"]
[BlackElo "2770"]
[PlyCount "118"]
[EventDate "2012.06.07"]

1. e4 c5 2. Nf3 e6 3. b3 b6 4. Bb2 Bb7 5. Bd3 Nc6 6. c3 Nf6 7. Bc2 d5 8. e5 Nd7
9. d4 cxd4 10. cxd4 Nb4 11. O-O Rc8 12. Nc3 Nxc2 13. Qxc2 Be7 14. Qd2 O-O 15.
Ne2 Ba6 16. Rfc1 Rxc1+ 17. Rxc1 Qb8 18. h4 Rc8 19. Nf4 Rxc1+ 20. Qxc1 Qc8 21.
Qb1 Nf8 22. g3 Ng6 23. Ng2 h6 24. Ne3 Be2 25. Kg2 Qa6 26. Ne1 Bb4 27. f3 Bd2
28. Kf2 Bxe3+ 29. Kxe3 Bf1 30. Qc2 Qxa2 31. Bc3 Qxc2 32. Nxc2 a5 33. h5 Ne7 34.
g4 Nc6 35. Kd2 g6 36. Ne3 Ba6 37. f4 b5 38. hxg6 fxg6 39. f5 Kf7 40. f6 b4 41.
Bb2 g5 42. Nd1 Na7 43. Nf2 Bf1 44. Ke1 Bg2 45. Ke2 Nb5 46. Nd3 Be4 47. Nc5 Bg6
48. Nb7 Ke8 49. Nxa5 h5 50. gxh5 Bxh5+ 51. Ke3 Bd1 52. Nb7 g4 53. Kf4 Nc3 54.
Kg3 Ne4+ 55. Kg2 Bxb3 56. Bc1 Bd1 57. Nd6+ Nxd6 58. exd6 b3 59. Kg3 Bc2 1-0

[Event "Tal Memorial 2012 (blitz)"]
[Site "Moscow RUS"]
[Date "2012.06.07"]
[Round "6"]
[White "Kramnik, V."]
[Black "Radjabov, T."]
[Result "1-0"]
[WhiteElo "2801"]
[BlackElo "2784"]
[PlyCount "62"]
[EventDate "2012.06.07"]

1. Nf3 g6 2. e4 Bg7 3. d4 d6 4. Bc4 e6 5. O-O Ne7 6. Re1 Nd7 7. c3 b6 8. Nbd2
Bb7 9. Nf1 Nf6 10. Ng3 h6 11. Bb5+ Nd7 12. Be3 a6 13. Bd3 Nf6 14. h3 Qd7 15.
Qd2 d5 16. Ne5 Qd8 17. f3 Nd7 18. Ng4 h5 19. Nf2 c5 20. Rad1 cxd4 21. cxd4 dxe4
22. fxe4 O-O 23. e5 Nf5 24. Bg5 Qe8 25. Nxf5 exf5 26. Bc4 Kh7 27. Bb3 Qb8 28.
Nd3 a5 29. Nf4 a4 30. Bc2 Be4 31. Rxe4 fxe4 1-0

[Event "Tal Memorial 2012 (blitz)"]
[Site "Moscow RUS"]
[Date "2012.06.07"]
[Round "7"]
[White "Radjabov, T."]
[Black "McShane, L."]
[Result "1-0"]
[WhiteElo "2784"]
[BlackElo "2706"]
[PlyCount "113"]
[EventDate "2012.06.07"]

1. d4 e6 2. Nf3 b6 3. Bf4 Bb7 4. Nbd2 d6 5. e3 Nd7 6. Bd3 h6 7. c3 Ngf6 8. Qc2
Nh5 9. O-O g5 10. Bg3 Bg7 11. Rae1 Qe7 12. a4 a6 13. h3 Nxg3 14. fxg3 g4 15.
hxg4 Nf6 16. Nh2 Rg8 17. Ne4 Nd5 18. Qe2 Bh8 19. Rf2 Rf8 20. Ref1 Bg7 21. Nf3
Qd7 22. g5 Qxa4 23. Nh4 Qd7 24. c4 hxg5 25. Nxg5 Bh6 26. Rxf7 Rxf7 27. Rxf7 Qa4
28. Qh5 O-O-O 29. Qxh6 Qd1+ 30. Rf1 Qxd3 31. Qxe6+ Kb8 32. cxd5 Bc8 33. Qe4 Qd2
34. Nhf3 Qxb2 35. Ne6 Rd7 36. g4 a5 37. g5 Ba6 38. Re1 a4 39. g6 a3 40. g7 Rxg7
41. Nxg7 a2 42. Qe8+ Bc8 43. Nf5 a1=Q 44. Rxa1 Qxa1+ 45. Kh2 Kb7 46. Ne7 Bg4
47. Nc6 Qf1 48. Qb8+ Ka6 49. Qf8 Qe2 50. Qf4 Bh5 51. Kg3 Bg6 52. Qg5 Be4 53.
Qf4 Bxd5 54. Nb4+ Kb7 55. Nxd5 Qc4 56. Qe4 Qc6 57. Nc3 1-0

[Event "Tal Memorial 2012 (blitz)"]
[Site "Moscow RUS"]
[Date "2012.06.07"]
[Round "7"]
[White "Caruana, F."]
[Black "Aronian, L."]
[Result "1-0"]
[WhiteElo "2770"]
[BlackElo "2825"]
[PlyCount "25"]
[EventDate "2012.06.07"]

1. e4 e5 2. Nf3 Nc6 3. Bb5 Nf6 4. O-O Nxe4 5. d4 Nd6 6. Bg5 Be7 7. Bxe7 Qxe7 8.
Bxc6 dxc6 9. dxe5 Nf5 10. Nc3 Bd7 11. Qe2 O-O-O 12. Rad1 Kb8 13. b4 1-0

[Event "Tal Memorial 2012 (blitz)"]
[Site "Moscow RUS"]
[Date "2012.06.07"]
[Round "7"]
[White "Morozevich, A."]
[Black "Carlsen, M."]
[Result "1-0"]
[WhiteElo "2769"]
[BlackElo "2835"]
[PlyCount "66"]
[EventDate "2012.06.07"]

1. e4 e5 2. Nf3 Nc6 3. d4 exd4 4. Nxd4 Bc5 5. Be3 Qf6 6. c3 Nge7 7. Nc2 Bxe3 8.
Nxe3 Qe5 9. Bd3 d5 10. Nd2 dxe4 11. Bxe4 O-O 12. Qc2 f5 13. Bxc6 Nxc6 14. Nf3
Qc5 15. Qb3+ Kh8 16. O-O-O f4 17. Nd5 Be6 18. Rhe1 Bg8 19. Qa3 Qxa3 20. bxa3
Rf5 21. Nxc7 Rc8 22. Ne6 Na5 23. Rd8 Rxd8 24. Nxd8 h6 25. Re5 Rxe5 26. Nxe5 g5
27. Ndf7+ Kg7 28. Nd6 Bxa2 29. Kd2 Bd5 30. f3 Kf6 31. Ng4+ Ke6 32. Nb5 Nc4+ 33.
Kd3 h5 1-0

[Event "Tal Memorial 2012 (blitz)"]
[Site "Moscow RUS"]
[Date "2012.06.07"]
[Round "8"]
[White "McShane, L."]
[Black "Tomashevsky, E."]
[Result "1-0"]
[WhiteElo "2706"]
[BlackElo "2738"]
[PlyCount "43"]
[EventDate "2012.06.07"]

1. b3 Nf6 2. Bb2 d5 3. e3 c6 4. h3 Nbd7 5. Nf3 g6 6. c4 Bg7 7. cxd5 cxd5 8. Be2
O-O 9. O-O Nb8 10. Nc3 Nc6 11. Rc1 Bf5 12. Nb5 Rc8 13. a3 Qb6 14. b4 a5 15. Qb3
axb4 16. axb4 Rfd8 17. Bc3 Bd7 18. Qb2 Ne8 19. Bxg7 Nxg7 20. Rc5 Be8 21. Nc3
Qxb4 22. Rb1 1-0

[Event "Tal Memorial 2012 (blitz)"]
[Site "Moscow RUS"]
[Date "2012.06.07"]
[Round "8"]
[White "Carlsen, M."]
[Black "Grischuk, A."]
[Result "1-0"]
[WhiteElo "2835"]
[BlackElo "2761"]
[PlyCount "107"]
[EventDate "2012.06.07"]

1. Nf3 Nf6 2. c4 g6 3. Nc3 Bg7 4. e4 d6 5. d4 O-O 6. Be2 e5 7. Be3 exd4 8. Nxd4
Re8 9. f3 c6 10. Bf2 d5 11. exd5 cxd5 12. O-O Nc6 13. c5 Re5 14. a3 Qf8 15. b4
Bd7 16. Nxc6 bxc6 17. Bd4 Re6 18. Bd3 Nh5 19. Bc2 Rae8 20. Qd2 Bxd4+ 21. Qxd4
Qh6 22. f4 Re3 23. f5 Qg5 24. b5 R8e5 25. b6 Qd8 26. Rab1 axb6 27. cxb6 Ng7 28.
b7 Qb8 29. Na4 Bxf5 30. Nc5 Ne6 31. Qxe5 Rxe5 32. Nd7 Qa7+ 33. Kh1 Kg7 34. b8=Q
Qxb8 35. Rxb8 Re3 36. Bxf5 gxf5 37. h3 f4 38. Rc8 Rc3 39. a4 d4 40. Ne5 c5 41.
a5 Ra3 42. Rc1 Rxa5 43. Nd3 f3 44. gxf3 Ra3 45. Nxc5 Nf4 46. Rg1+ Kf6 47. Ne4+
Ke6 48. Re1 Kd7 49. Rc4 Rxf3 50. Rxd4+ Kc7 51. Rc1+ Kb6 52. Rb4+ Ka5 53. Rb2
Rxh3+ 54. Kg1 1-0

[Event "Tal Memorial 2012 (blitz)"]
[Site "Moscow RUS"]
[Date "2012.06.07"]
[Round "8"]
[White "Aronian, L."]
[Black "Morozevich, A."]
[Result "1-0"]
[WhiteElo "2825"]
[BlackElo "2769"]
[PlyCount "65"]
[EventDate "2012.06.07"]

1. d4 Nf6 2. c4 g6 3. Nc3 d5 4. Bf4 Bg7 5. e3 c5 6. dxc5 Qa5 7. Rc1 dxc4 8.
Bxc4 O-O 9. Nf3 Qxc5 10. Bb3 Qa5 11. O-O Nc6 12. h3 Bf5 13. Qe2 Ne4 14. g4 Nxc3
15. bxc3 Bd7 16. Rfd1 Qa3 17. e4 Be6 18. Rb1 Rad8 19. Bxe6 fxe6 20. Rxd8 Nxd8
21. Be3 Qxc3 22. Kg2 b6 23. Rc1 Qb4 24. Qd3 Nb7 25. Rc7 Nd6 26. Ng5 Bf6 27.
Nxe6 Re8 28. Rxa7 b5 29. Nc7 Rf8 30. Nd5 Qb2 31. Nxf6+ Qxf6 32. Qd5+ Rf7 33. e5
1-0

[Event "Tal Memorial 2012 (blitz)"]
[Site "Moscow RUS"]
[Date "2012.06.07"]
[Round "9"]
[White "Caruana, F."]
[Black "Radjabov, T."]
[Result "1/2-1/2"]
[WhiteElo "2770"]
[BlackElo "2784"]
[PlyCount "88"]
[EventDate "2012.06.07"]

1. e4 c5 2. Nf3 Nc6 3. Bb5 e6 4. Bxc6 bxc6 5. b3 d6 6. e5 d5 7. d3 Ne7 8. O-O
Ng6 9. c4 Be7 10. Nc3 O-O 11. Re1 f6 12. Bb2 fxe5 13. Na4 e4 14. dxe4 d4 15. e5
Nf4 16. Ba3 Qa5 17. Re4 Bd7 18. Bc1 Ng6 19. Ne1 Rf5 20. Nd3 Raf8 21. f4 Be8 22.
Qe2 Nh4 23. Bd2 Qd8 24. Rf1 g5 25. Naxc5 Bxc5 26. Nxc5 Qe7 27. b4 gxf4 28.
Rexf4 Rxf4 29. Rxf4 Rxf4 30. Bxf4 Ng6 31. Qg4 a5 32. a3 axb4 33. axb4 Qa7 34.
Qxe6+ Bf7 35. Qc8+ Kg7 36. Qg4 Qa1+ 37. Kf2 Qb2+ 38. Kg3 Qxb4 39. Nd3 Qxc4 40.
Qf5 Qe6 41. Qe4 Qd5 42. Qf5 Qe6 43. Qe4 Qd5 44. Qf5 Qe6 1/2-1/2

[Event "Tal Memorial 2012 (blitz)"]
[Site "Moscow RUS"]
[Date "2012.06.07"]
[Round "9"]
[White "Tomashevsky, E."]
[Black "Carlsen, M."]
[Result "0-1"]
[WhiteElo "2738"]
[BlackElo "2835"]
[PlyCount "52"]
[EventDate "2012.06.07"]

1. c4 c5 2. Nf3 Nc6 3. d4 cxd4 4. Nxd4 Nf6 5. g3 h5 6. Bg2 h4 7. Nc3 g6 8. Bg5
hxg3 9. hxg3 Rxh1+ 10. Bxh1 Bg7 11. Nb3 b6 12. Nd5 Nh7 13. Bxe7 Nxe7 14. Nxe7
Bxb2 15. Rb1 Bc3+ 16. Kf1 Rb8 17. Nxc8 Rxc8 18. Qd3 Bg7 19. Rd1 Ng5 20. Bd5 Ne6
21. Nd2 Qe7 22. Ne4 Kf8 23. Kg2 Nc7 24. Bb7 Rb8 25. Nd6 Be5 26. Bf3 Qxd6 0-1

[Event "Tal Memorial 2012"]
[Site "Moscow"]
[Date "2012.06.08"]
[Round "1"]
[White "Carlsen, Magnus"]
[Black "Kramnik, Vladimir"]
[Result "1/2-1/2"]
[WhiteElo "2835"]
[BlackElo "2801"]
[PlyCount "46"]
[EventDate "2012.??.??"]
[EventCountry "RUS"]

1. d4 Nf6 2. c4 e6 3. Nc3 Bb4 4. Qc2 O-O 5. a3 Bxc3+ 6. Qxc3 d5 7. e3 b6 8.
cxd5 exd5 9. Bd3 Ba6 10. Bxa6 Nxa6 11. Qd3 Qc8 12. Ne2 c5 13. b3 cxd4 14. Qxd4
Nc5 15. Qd1 Qa6 16. Nf4 d4 17. b4 dxe3 18. bxc5 Qa5+ 19. Kf1 Rad8 20. Qc2 Qb5+
21. Ke1 Qa5+ 22. Kf1 Qb5+ 23. Ke1 Qa5+ 1/2-1/2

[Event "Tal Memorial 2012"]
[Site "Moscow"]
[Date "2012.06.08"]
[Round "1"]
[White "Radjabov, Teimour"]
[Black "Tomashevsky, Evgeny"]
[Result "1-0"]
[WhiteElo "2784"]
[BlackElo "2738"]
[PlyCount "61"]
[EventDate "2012.??.??"]
[EventCountry "RUS"]

1. e4 e5 2. Nf3 Nc6 3. d4 exd4 4. Nxd4 Bc5 5. Nb3 Bb6 6. Nc3 d6 7. Qe2 Nge7 8.
Be3 O-O 9. O-O-O f5 10. exf5 Bxf5 11. h3 Bd7 12. Qd2 Bxe3 13. Qxe3 Kh8 14. Bd3
Qe8 15. f4 Qf7 16. Rhf1 Rae8 17. Qd2 Nb4 18. Be4 Bc6 19. Rde1 Bxe4 20. Nxe4 Qc4
21. a3 Nbc6 22. Qc3 Qd5 23. Nbd2 Nf5 24. g4 Nfd4 25. Qd3 b5 26. Kb1 b4 27. a4
h6 28. Nb3 Re7 29. Ned2 Rxe1+ 30. Rxe1 g5 31. f5 1-0

[Event "Tal Memorial 2012"]
[Site "Moscow"]
[Date "2012.06.08"]
[Round "1"]
[White "Morozevich, Alexander"]
[Black "Caruana, Fabiano"]
[Result "1-0"]
[WhiteElo "2769"]
[BlackElo "2770"]
[PlyCount "111"]
[EventDate "2012.??.??"]
[EventCountry "RUS"]

1. e4 e5 2. Nf3 Nc6 3. Bb5 a6 4. Ba4 Nf6 5. O-O Nxe4 6. d4 b5 7. Bb3 d5 8. dxe5
Be6 9. Qe2 Be7 10. Rd1 Na5 11. c3 Nxb3 12. axb3 O-O 13. Nd4 Qe8 14. f3 Nc5 15.
b4 Nb7 16. Be3 Bd7 17. Na3 c6 18. Nac2 a5 19. f4 Qc8 20. h3 Re8 21. Bf2 Bf8 22.
Qf3 Ra6 23. Ne3 Qa8 24. Ndc2 Qd8 25. bxa5 Nc5 26. b4 Ne4 27. Rd3 f6 28. Bh4 g5
29. fxg5 fxg5 30. Bg3 Bg7 31. Bh2 Rf8 32. Qe2 Rf2 33. Qe1 g4 34. Rd4 Rf8 35.
Rad1 Qe8 36. Nxg4 Bf5 37. Nce3 Bg6 38. Nf1 h5 39. Nge3 Ra7 40. Ng3 Bxe5 41.
Nxe4 Bxd4 42. cxd4 Qxe4 43. Be5 Kh7 44. Rc1 Raf7 45. Kh2 Rf2 46. Rxc6 R8f3 47.
Rc7+ Bf7 48. Kh1 Rf1+ 49. Qxf1 Rxf1+ 50. Nxf1 Kg6 51. Rc6+ Kh7 52. Ng3 Qb1+ 53.
Kh2 h4 54. Ne2 Qxb4 55. Rc7 Kg8 56. a6 1-0

[Event "Tal Memorial 2012"]
[Site "Moscow"]
[Date "2012.06.08"]
[Round "1"]
[White "Grischuk, Alexander"]
[Black "McShane, Luke J"]
[Result "1-0"]
[WhiteElo "2761"]
[BlackElo "2706"]
[PlyCount "125"]
[EventDate "2012.??.??"]
[EventCountry "RUS"]

1. c4 Nf6 2. Nc3 e5 3. Nf3 Nc6 4. g3 Bc5 5. Bg2 d6 6. O-O O-O 7. e3 a6 8. d4
Ba7 9. h3 Rb8 10. dxe5 Nxe5 11. b3 Nxf3+ 12. Qxf3 b5 13. Qe2 bxc4 14. Qxc4 a5
15. Bb2 Bd7 16. Rac1 Bc5 17. Rfd1 Re8 18. Na4 Bxa4 19. Qxa4 Bb6 20. Bc6 Re7 21.
Bxf6 gxf6 22. Qg4+ Kh8 23. Rc4 Re5 24. Rd5 Qe7 25. Qf3 Rg8 26. Kg2 Rg6 27. b4
axb4 28. Rxb4 Kg7 29. a4 Qe6 30. h4 f5 31. Rf4 Rf6 32. Kh2 h6 33. h5 Kf8 34.
Kg2 Kg7 35. Kh2 Kf8 36. Kg2 Kg7 37. Qd1 Kf8 38. Kf1 Qc8 39. Qd3 Kg7 40. Kg2
Rxd5 41. Bxd5 Qe8 42. Rxf5 Rxf5 43. Qxf5 Qe7 44. Bb3 Qf6 45. Qd5 c5 46. Bc4 Ba5
47. f4 Qe7 48. Kf2 Bc3 49. Ke2 Bb4 50. g4 Qd7 51. Kd3 Qe7 52. g5 hxg5 53. fxg5
Be1 54. g6 fxg6 55. Qg8+ Kf6 56. Qxg6+ Ke5 57. h6 d5 58. Qg7+ Qf6 59. Bxd5 Bh4
60. Kc4 Kd6 61. Qxf6+ Bxf6 62. a5 Kc7 63. h7 1-0

[Event "Tal Memorial 2012"]
[Site "Moscow"]
[Date "2012.06.09"]
[Round "2"]
[White "Tomashevsky, Evgeny"]
[Black "Aronian, Levon"]
[Result "1/2-1/2"]
[WhiteElo "2738"]
[BlackElo "2825"]
[PlyCount "49"]
[EventDate "2012.??.??"]
[EventCountry "RUS"]

1. d4 d5 2. c4 e6 3. Nf3 Be7 4. g3 Nf6 5. Bg2 O-O 6. O-O dxc4 7. Qc2 a6 8. a4
Bd7 9. Qxc4 Bc6 10. Bf4 Bd6 11. Bg5 Nbd7 12. Nc3 h6 13. Bxf6 Nxf6 14. Nd2 Bxg2
15. Kxg2 a5 16. Rfd1 Bb4 17. Rac1 Qd7 18. Nf3 Rfd8 19. Ne5 Qe7 20. e3 c6 21.
Qb3 Qc7 22. Nb5 Qb8 23. Nc3 Qc7 24. Nb5 Qb8 25. Nc3 1/2-1/2

[Event "Tal Memorial 2012"]
[Site "Moscow"]
[Date "2012.06.09"]
[Round "2"]
[White "Morozevich, Alexander"]
[Black "Carlsen, Magnus"]
[Result "1/2-1/2"]
[WhiteElo "2769"]
[BlackElo "2835"]
[PlyCount "117"]
[EventDate "2012.??.??"]
[EventCountry "RUS"]

1. d4 Nf6 2. c4 e6 3. Nc3 Bb4 4. Qc2 d5 5. cxd5 exd5 6. Bg5 h6 7. Bh4 c5 8.
dxc5 g5 9. Bg3 Ne4 10. e3 Qa5 11. Rc1 Nd7 12. Nge2 Ndxc5 13. a3 Bxc3+ 14. Nxc3
Nxc3 15. Qxc3 Qxc3+ 16. Rxc3 Ne4 17. Rc7 Nxg3 18. hxg3 Rb8 19. Bb5+ Kf8 20. Kd2
Kg7 21. Rhc1 Rd8 22. Re7 Kf6 23. Rcc7 Rf8 24. b4 a6 25. Bd3 a5 26. bxa5 Ra8 27.
Bb5 Rxa5 28. a4 Ra8 29. Kc3 h5 30. Kb4 h4 31. Re8 Rxe8 32. Bxe8 Be6 33. Bb5 d4
34. gxh4 gxh4 35. exd4 Bd5 36. f3 Rg8 37. Rc2 Ke7 38. a5 Kd6 39. Bc4 Bxc4 40.
Rxc4 Rxg2 41. Rc5 h3 42. Rh5 h2 43. Kc4 Rc2+ 44. Kd3 Ra2 45. Ke4 f5+ 46. Kf4
Kd5 47. Rxf5+ Kxd4 48. Rh5 Rg2 49. Rh7 Kd3 50. Ke5 Ke2 51. f4 Kf1 52. f5 Ra2
53. f6 Rxa5+ 54. Ke6 Ra6+ 55. Ke7 Rxf6 56. Kxf6 Kg1 57. Ke5 h1=Q 58. Rxh1+ Kxh1
59. Kd4 1/2-1/2

[Event "Tal Memorial 2012"]
[Site "Moscow"]
[Date "2012.06.09"]
[Round "2"]
[White "McShane, Luke J"]
[Black "Radjabov, Teimour"]
[Result "0-1"]
[WhiteElo "2706"]
[BlackElo "2784"]
[PlyCount "96"]
[EventDate "2012.??.??"]
[EventCountry "RUS"]

1. e4 c5 2. Nf3 Nc6 3. Bb5 e6 4. Bxc6 bxc6 5. b3 d6 6. e5 dxe5 7. Nxe5 Qd5 8.
Nf3 Qe4+ 9. Kf1 Qf5 10. Nc3 Nf6 11. d3 Be7 12. Qe2 Nd5 13. Bd2 Nb4 14. Be1 O-O
15. Ne4 f6 16. h3 e5 17. Kg1 Rb8 18. Kh2 Qg6 19. Ng3 Qf7 20. Bc3 Bd7 21. Rhe1
Rfe8 22. Qd2 Bf8 23. Ng1 Rbd8 24. Bb2 Nd5 25. Kh1 Be6 26. a3 Qc7 27. Qd1 Nf4
28. N3e2 g5 29. Nxf4 gxf4 30. Qh5 Qg7 31. Ne2 Be7 32. Nc3 Kh8 33. Rg1 Qg6 34.
Qf3 Qh6 35. g4 Rg8 36. Ne4 Rg6 37. Rg2 Rdg8 38. Rag1 Qg7 39. a4 Rh6 40. Kh2 Rh4
41. Kh1 h5 42. Rh2 hxg4 43. Qd1 Qh7 44. Rgg2 Rg6 45. Qg1 Rgh6 46. hxg4 Bxg4 47.
Nd2 f3 48. Rxh4 fxg2+ 0-1

[Event "Tal Memorial 2012"]
[Site "Moscow"]
[Date "2012.06.10"]
[Round "3"]
[White "Carlsen, Magnus"]
[Black "Caruana, Fabiano"]
[Result "1/2-1/2"]
[WhiteElo "2835"]
[BlackElo "2770"]
[PlyCount "59"]
[EventDate "2012.??.??"]
[EventCountry "RUS"]

1. d4 Nf6 2. c4 g6 3. Nc3 d5 4. cxd5 Nxd5 5. e4 Nxc3 6. bxc3 Bg7 7. Qa4+ Nd7 8.
Nf3 O-O 9. Be3 c5 10. Rc1 Nb6 11. Qd1 Bg4 12. Be2 Bxf3 13. gxf3 cxd4 14. cxd4
Qd7 15. O-O Rac8 16. Qd2 Rfd8 17. Rfd1 Rxc1 18. Qxc1 Rc8 19. Qa3 Na4 20. Bf1 b5
21. Rc1 Rxc1 22. Qxc1 Bxd4 23. Bxb5 Bxe3 24. Bxd7 Bxc1 25. Bxa4 Bf4 26. h3 Be5
27. Kg2 Bf4 28. Kg1 Be5 29. Kg2 Bf4 30. Kg1 1/2-1/2

[Event "Tal Memorial 2012"]
[Site "Moscow"]
[Date "2012.06.10"]
[Round "3"]
[White "Radjabov, Teimour"]
[Black "Kramnik, Vladimir"]
[Result "1/2-1/2"]
[WhiteElo "2784"]
[BlackElo "2801"]
[PlyCount "50"]
[EventDate "2012.??.??"]
[EventCountry "RUS"]

1. e4 e5 2. Nf3 Nc6 3. Bb5 Nf6 4. d3 Bc5 5. O-O d6 6. c3 O-O 7. h3 Ne7 8. Nbd2
a6 9. Ba4 Ng6 10. d4 Ba7 11. Re1 b5 12. Bc2 c5 13. d5 c4 14. Nf1 Nh5 15. Bg5 f6
16. Be3 Nhf4 17. Ng3 Ne7 18. a4 Qc7 19. axb5 axb5 20. Ra3 Bxe3 21. Rxa8 Bb6 22.
Qd2 Qc5 23. Qe3 Qc7 24. Qd2 Qc5 25. Qe3 Qc7 1/2-1/2

[Event "Tal Memorial 2012"]
[Site "Moscow"]
[Date "2012.06.10"]
[Round "3"]
[White "Aronian, Levon"]
[Black "McShane, Luke J"]
[Result "0-1"]
[WhiteElo "2825"]
[BlackElo "2706"]
[PlyCount "76"]
[EventDate "2012.??.??"]
[EventCountry "RUS"]

1. d4 d5 2. Nf3 Nf6 3. c4 c6 4. Nc3 a6 5. Bg5 dxc4 6. a4 h6 7. Bh4 b5 8. axb5
cxb5 9. Nxb5 axb5 10. Rxa8 Bb7 11. Ra1 g5 12. Bg3 e6 13. e3 Bb4+ 14. Ke2 Nc6
15. Ne1 Na5 16. Be5 O-O 17. h4 g4 18. Nc2 Be7 19. Ke1 Nb3 20. Ra2 h5 21. Be2
Bd6 22. f3 Nd5 23. fxg4 Bxe5 24. dxe5 Qb6 25. Bf3 Nxe3 26. Nxe3 Qxe3+ 27. Qe2
Qc1+ 28. Qd1 Qe3+ 29. Qe2 Qc1+ 30. Qd1 Bxf3 31. gxf3 Qe3+ 32. Qe2 Qc1+ 33. Qd1
Qe3+ 34. Qe2 Qf4 35. Qh2 Qxf3 36. Rf1 Qe4+ 37. Kf2 Nd2 38. Rg1 Qf3+ 0-1

[Event "Tal Memorial 2012"]
[Site "Moscow"]
[Date "2012.06.10"]
[Round "3"]
[White "Grischuk, Alexander"]
[Black "Morozevich, Alexander"]
[Result "0-1"]
[WhiteElo "2761"]
[BlackElo "2769"]
[PlyCount "120"]
[EventDate "2012.??.??"]
[EventCountry "RUS"]

1. Nf3 d5 2. c4 c6 3. g3 Bg4 4. Qb3 Qb6 5. Ne5 Be6 6. d3 f6 7. Nf3 Bf7 8. Bh3
e5 9. O-O Na6 10. Nc3 Ne7 11. Be3 d4 12. Ne4 Ng6 13. Bc1 Nc5 14. Nxc5 Bxc5 15.
Nd2 O-O 16. Ne4 Be7 17. f4 exf4 18. gxf4 Rfe8 19. f5 Ne5 20. Bf4 Bf8 21. Bg2
Qc7 22. Qc2 Qd7 23. Bd2 b5 24. c5 a5 25. Rf4 a4 26. Bb4 Rac8 27. Ng3 Kh8 28.
Rh4 Bg8 29. Qd2 Qa7 30. Rc1 Nd7 31. Qf4 Bxa2 32. Qxd4 Nb8 33. Be1 Rcd8 34. Qc3
Na6 35. Bf2 b4 36. Qe1 Qb7 37. Ra1 Bb3 38. Qc1 Nc7 39. Bf3 Ra8 40. Bh5 Red8 41.
Bg6 h6 42. Ne4 Ne8 43. Be3 Bd5 44. Kf2 Bxe4 45. Rxe4 Nc7 46. Bxh6 gxh6 47. Re7
Rd4 48. Rh7+ Kg8 49. Qe3 Rg4 50. h3 Rxg6 51. fxg6 Qc8 52. Rg1 Qf5+ 53. Ke1 Re8
54. Qg3 Ne6 55. e4 Qxc5 56. Kd1 Bg7 57. Rg2 Qe5 58. Qe3 Rd8 59. Ke1 c5 60. Rxh6
Nf4 0-1

[Event "Tal Memorial 2012"]
[Site "Moscow"]
[Date "2012.06.12"]
[Round "4"]
[White "Kramnik, Vladimir"]
[Black "Aronian, Levon"]
[Result "1/2-1/2"]
[WhiteElo "2801"]
[BlackElo "2825"]
[PlyCount "80"]
[EventDate "2012.??.??"]
[EventCountry "RUS"]

1. e4 e5 2. Nf3 Nc6 3. Nc3 Nf6 4. d4 exd4 5. Nxd4 Bb4 6. Nxc6 bxc6 7. Bd3 O-O
8. O-O d5 9. exd5 cxd5 10. h3 Re8 11. Qf3 c6 12. Bf4 Bd7 13. a3 Bxc3 14. bxc3
Ne4 15. Rfe1 Qf6 16. Bxe4 dxe4 17. Qe3 Be6 18. Rad1 Qf5 19. Rd4 f6 20. Rb1 Bd5
21. c4 Bf7 22. Rb7 Rad8 23. Bd6 Rd7 24. Rxd7 Qxd7 25. Bc5 Qb7 26. Rxe4 Rxe4 27.
Qxe4 Qb1+ 28. Kh2 Qb8+ 29. g3 Qa8 30. Bd6 Qe8 31. Qxe8+ Bxe8 32. Kg2 Bg6 33.
Kf3 Bxc2 34. Ke3 Kf7 35. Kd4 Ke6 36. Kc5 Bd3 37. Bb8 a6 38. h4 h5 39. Kxc6 Bxc4
40. Kc5 Bb5 1/2-1/2